000 00826 a2200229 4500
020 _a0768908620
040 _aDLC
_bDLC
082 0 0 _a510/.76
245 0 0 _aIn-A-Flash math: Get the math skills you need for high SAT and ACT assessment scores fast, easy and effective, 5th ed., 2002
_cThomson
250 _a5th. ed.
260 _aLawrenceville, NJ :
_bThomson/Peterson's,
_cc2004.
300 _aiii, 162 p. :
_bill. ;
_c23 cm.
440 0 _aIn-a-flash
500 _aPrevious editions published as: Math / by Michael R. Crystal. c2002.
500 _a"Build your skills for the SAT and ACT assessment"--Cover.
500 _aIncludes index.
650 0 _aMathematics
_xExaminations
650 0 _aSAT (Educational test)
650 0 _aACT Assessment
700 1 _aCrystal, Michael R.,
_d1964-
942 _cBK
_k510.76 CRY
_2ddc
999 _c7418
_d7418